000 00532nam a22001817a 4500
005 20170531145930.0
010 _aENG-118481
020 _a9788193223291
_c205.00
035 _aEN-102013
037 _bDBAD/PUB
082 _a152.9042
100 _aKrishna Kumar Singh
245 _aErectile dysfunction /
_cby Krishna Kumar Singh
260 _aDelhi/NCR
_bMaheshwari Prakashan
_c2016
270 _a911/7C,Faridabad
_bDelhi/NCR
_e121006
300 _a125p.:
_c25cm(pbk)
_bill.
942 _2ddc
_cEN
_mKRI
_h155.9042
999 _c140624
_d140624